| 000 | 00393nam a2200145Ia 4500 | ||
|---|---|---|---|
| 020 | _a978-602-7948-27-3 | ||
| 084 | _a128-0174 SYA Gov Bo.1 | ||
| 100 | _aInu Kencana Syafi'ie | ||
| 245 | 0 | _aProses Legislatif | |
| 250 | _aKe-1 | ||
| 260 |
_aBandung _bRefika Aditama _c2014 |
||
| 300 | _ai-x + 240 hlm | ||
| 650 |
_aGovernment, Pemerintahan _eG-O-V _vSistem Pemerintahan Indonesia |
||
| 942 | _cBK | ||
| 999 |
_c22461 _d22452 |
||